000 00246nam a2200097Ia 4500
001 1055177
005 20250827001337.0
008 250824s9999 xx 000 0 und d
245 0 _aKENDİNİ ARAMAK
_cİHSAN FAZLIOĞLU
260 _bKETEBE YAYINLARI
999 _c1055177
_d1055177